| 000 | 01357pam a22003854a 4500 | ||
|---|---|---|---|
| 999 |
_c6967 _d6967 |
||
| 001 | 1464692 | ||
| 003 | OSt | ||
| 005 | 20210531160948.0 | ||
| 008 | 071101s2009 maua b 001 0 eng | ||
| 010 | _a 2007044799 | ||
| 015 |
_aGBA781219 _2bnb |
||
| 016 | 7 |
_a014056777 _2Uk |
|
| 020 | _a9780205548927 | ||
| 020 | _a020554892X | ||
| 040 |
_aDLC _cDLC _dYDX _dUKM _dBAKER _dBTCTA _dYDXCP |
||
| 041 | 0 | _aeng | |
| 042 |
_apcc _anlmcopyc |
||
| 050 | 0 | 0 |
_aQP360 _b.P463 2009 |
| 082 | 0 | 0 | _a573.8 PIN 2009 |
| 100 | 1 |
_aPinel, John P. J. _914294 |
|
| 245 | 1 | 0 |
_aBiopsychology / _cJohn P.J. Pinel. |
| 250 | _a7th ed. | ||
| 260 |
_aBoston : _bPearson/Allyn and Bacon, _cc2009. |
||
| 300 |
_axxx, 578 p. : _bill. (chiefly col.) ; _c29 cm. |
||
| 336 |
_atext _btxt _2rdacontent |
||
| 337 |
_aunmediated _bn _2rdamedia |
||
| 338 |
_avolume _bnc _2rdacarrier |
||
| 504 | _aIncludes bibliographical references (p. 506-558) and index. | ||
| 650 | 1 | 2 |
_aPsychophysiology _xmethods _0https://id.nlm.nih.gov/mesh/D011603Q000379 _914295 |
| 650 | 2 | 2 |
_aBehavior _xphysiology _0https://id.nlm.nih.gov/mesh/D001519Q000502 _914140 |
| 650 | 2 | 2 |
_aBrain _xphysiology _0https://id.nlm.nih.gov/mesh/D001921Q000502 _914296 |
| 650 | 2 | 2 |
_aBrain Diseases _xphysiopathology _0https://id.nlm.nih.gov/mesh/D001927Q000503 _914297 |
| 942 |
_2ddc _cO_SHELF |
||